Szczegóły MARC21

Stihotvoreniâ : 1820-1826 /

003 -Nazwa inst., której nr kontr. jest w polu 001 [,]
    • @
    • Nazwa instytucji, której n kontrolny jest w polu 001
    • NUKAT
005 -DATA I CZAS OSTATNIEJ MODYFIKACJI [,]
    • @
    • pole kontrolne
    • 20241231111507.0
040 -Instytucja sporządzająca opis [ , ]
    • a
    • Instytucja, która sporządziła opis (NP)
    • KR U/21MgM
    • b
    • Język katalogowania
    • pol
    • e
    • Zasady katalogowania
    • rda
    • c
    • Instytucja, która sporządziła rekord (NP)
    • KR U/21MgM
    • d
    • Instytucja, która zmodyfikowała rekord (P)
    • WA U/VB
942 -Rodzaj dokumentu [ , ]
    • c
    • Rodzaj dokumentu
    • Książka
100 -Hasło główne - nazwa osobowa [1, ]
    • a
    • Nazwa osobowa (NP)
    • Puškin, Aleksandr Sergeevič
    • d
    • Daty biograficzne (NP)
    • (1799-1837).
    • e
    • Rodzaj współpracy
    • Autor
    • 9
    • KHW
    • 13591
245 -Strefa tytułu i oznaczenia odpowiedzialności [1,0]
    • a
    • Tytuł
    • Stihotvoreniâ : Find
    • b
    • Ciąg dalszy tytułu (NP)
    • 1820-1826 / Find
    • c
    • Pozostałe elementy strefy tytułu i oznaczenia odpowiedzialności (NP)
    • A. S. Puškin ; Akademiâ nauk SSSR. Institut russkoj literatury (Puškinskij dom).
260 -Strefa adresu wydawniczego [ , ]
    • a
    • Miejsce wydania (P)
    • Moskva ;
    • a
    • Miejsce wydania (P)
    • Leningrad :
    • b
    • Nazwa wydawcy (P)
    • Izdatelʹstvo Akademii nauk SSSR,
    • c
    • Data wydania (P)
    • 1950.
300 -Strefa opisu fizycznego [ , ]
    • a
    • Określenie formy książki i/lub objętość (NP)
    • 462, [2] strony, [6] kart tablic :
    • b
    • Oznaczenie ilustracji (NP)
    • ilustracje ;
    • c
    • Format (NP)
    • 17 cm.
336 -Typ zawartości [ , ]
    • a
    • Termin opisujący typ zawartości
    • Tekst
    • b
    • Kod określający zawartość
    • txt
    • 2
    • Źródło (terminu i kodu)
    • rdacontent
337 -Typ mediów [ , ]
    • a
    • Tryb odtwarzania
    • Bez urządzenia pośredniczącego
    • b
    • Kod typu mediów
    • n
    • 2
    • Źródło (terminu i kodu)
    • rdamedia
338 -Typ/rodzaj nośnika [ , ]
    • a
    • Hasło opisujące typ nośnika
    • Wolumin
    • b
    • Kod typu nośnika
    • nc
    • 2
    • Źródło (terminu i kodu)
    • rdacarrier
490 -Strefa serii i książki wielotomowej - forma nie do wyszukiwania [1, ]
    • a
    • Tytuł (P)
    • Polnoe sobranie sočinenij v desâti tomah / A. S. Puškin ; Find
    • v
    • Numeracja (P)
    • t. 2
080 -Uniwersalna Klasyfikacja Dziesiętna [ , ]
    • a
    • Symbol klasyfikacji
    • 882-1=82
655 -Hasło w funkcji tematu formalnego [ ,7]
    • a
    • Hasło
    • Poezja rosyjska
    • y
    • Określnik chronologiczny
    • 19 w.
    • 2
    • Źródło terminu
    • kaba
    • 9
    • KHW
    • 185336
980 -Symbol UKD [ , ]
    • a
    • UKD
    • 882-1=82
710 -Hasło dodatkowe - nazwa ciała zbiorowego [2, ]
    • a
    • Nazwa ciała zbiorowego lub nazwa geograficzna jako pierwszy element (NP)
    • Akademiâ nauk SSSR.
    • b
    • Nazwa jednostki podrzędnej (P)
    • Izdatelʹstvo.
    • e
    • Rodzaj współpracy
    • Wydawca
    • 4
    • Kod relacji
    • pbl
    • 9
    • KHW
    • 62348
710 -Hasło dodatkowe - nazwa ciała zbiorowego [2, ]
    • a
    • Nazwa ciała zbiorowego lub nazwa geograficzna jako pierwszy element (NP)
    • Akademiâ nauk SSSR.
    • b
    • Nazwa jednostki podrzędnej (P)
    • Institut russkoj literatury.
    • e
    • Rodzaj współpracy
    • Instytucja sprawcza
    • 9
    • KHW
    • 406303
800 -Hasło dodatkowe opisu książki wielotomowej - nazwa osobowa [1, ]
    • a
    • Nazwa osobowa (NP)
    • Puškin, Aleksandr Sergeevič
    • d
    • Daty biograficzne (NP)
    • (1799-1837).
    • t
    • Tytuł ujednolicony/tytuł (NP)
    • Polnoe sobranie sočinenij v desâti tomah
    • v
    • Oznaczenie tomu (NP)
    • t. 2
    • 9
    • KHW
    • 560384
Data inwentaryzacji Status udost. Lokalizacja Numer inwentarzowy
2002-10-181BGJK.147